<?xml version="1.0" encoding="UTF-8"?>
<resp>
  <nextPage>https://data.bn.org.pl/api/networks/bibs.marcxml?marc=001+b00001150003101&amp;sinceId=1150003102</nextPage>
  <collection>
    <record xmlns='http://www.loc.gov/MARC21/slim'><leader>01280nam a2200409 i 4500</leader><controlfield tag='001'>b00001150003101</controlfield><controlfield tag='005'>20260404091732.9</controlfield><controlfield tag='008'>230609s        pl           |000 0 pol c</controlfield><controlfield tag='009'>9913262029105606</controlfield><datafield ind1=' ' ind2=' ' tag='020'><subfield code='a'>8371530064</subfield></datafield><datafield ind1=' ' ind2=' ' tag='035'><subfield code='a'>KR_1KR_1_20120318002034021059-48omnis_kr</subfield></datafield><datafield ind1=' ' ind2=' ' tag='035'><subfield code='a'>KR_1_20120318002034021059</subfield><subfield code='9'>ExL</subfield></datafield><datafield ind1=' ' ind2=' ' tag='035'><subfield code='a'>(PL)b00001150003101</subfield></datafield><datafield ind1=' ' ind2=' ' tag='040'><subfield code='a'>KR_1</subfield><subfield code='c'>KR_1</subfield><subfield code='d'>WA N</subfield></datafield><datafield ind1='0' ind2=' ' tag='041'><subfield code='a'>pol</subfield></datafield><datafield ind1=' ' ind2=' ' tag='044'><subfield code='a'>pl</subfield></datafield><datafield ind1='1' ind2=' ' tag='100'><subfield code='a'>Gellner, Dorota</subfield></datafield><datafield ind1='1' ind2='0' tag='245'><subfield code='a'>Strumyk /</subfield><subfield code='c'>Dorota Gellner ; [il. Jakub Kuźma].</subfield></datafield><datafield ind1=' ' ind2=' ' tag='260'><subfield code='a'>W-wa :</subfield><subfield code='b'>&quot;Kama&quot;,</subfield><subfield code='c'>[2001].</subfield></datafield><datafield ind1=' ' ind2=' ' tag='300'><subfield code='a'>12 s. :</subfield><subfield code='b'>il. kolor. ;</subfield><subfield code='c'>15x16 cm.</subfield></datafield><datafield ind1='1' ind2=' ' tag='490'><subfield code='a'>Biblioteka Najmłodszych</subfield></datafield><datafield ind1=' ' ind2=' ' tag='500'><subfield code='a'>d</subfield></datafield><datafield ind1=' ' ind2=' ' tag='650'><subfield code='a'>Literatura dziecięca polska</subfield></datafield><datafield ind1='1' ind2=' ' tag='700'><subfield code='a'>Kuźma, Jakub</subfield><subfield code='e'>Il.</subfield></datafield><datafield ind1=' ' ind2='0' tag='830'><subfield code='a'>Biblioteka Najmłodszych</subfield></datafield><datafield ind1=' ' ind2=' ' tag='852'><subfield code='b'>48OMNIS_NETWORK</subfield><subfield code='8'>9913262029105606</subfield></datafield><datafield ind1=' ' ind2=' ' tag='852'><subfield code='b'>48OMNIS_MBPG</subfield><subfield code='8'>991002478219708210</subfield></datafield><datafield ind1=' ' ind2=' ' tag='852'><subfield code='b'>48OMNIS_KR</subfield><subfield code='8'>991000030999708216</subfield></datafield><datafield ind1=' ' ind2=' ' tag='852'><subfield code='b'>48OMNIS_OPO</subfield><subfield code='8'>9917266107907</subfield></datafield><datafield ind1=' ' ind2=' ' tag='852'><subfield code='b'>48OMNIS_SW2</subfield><subfield code='8'>991000770384608005</subfield></datafield><datafield ind1=' ' ind2=' ' tag='852'><subfield code='8'>22797123520008210</subfield><subfield code='j'>1</subfield><subfield code='b'>F01</subfield><subfield code='p'>10141383</subfield><subfield code='c'>UBYTKI_F01</subfield></datafield><datafield ind1=' ' ind2=' ' tag='852'><subfield code='8'>2214237090008005</subfield><subfield code='j'>1</subfield><subfield code='b'>SW2_6_1</subfield><subfield code='p'>SW2_6_03751</subfield><subfield code='c'>SW2_6_1_1</subfield></datafield><datafield ind1=' ' ind2=' ' tag='920'><subfield code='a'>83-7153-006-4</subfield></datafield></record>
  </collection>
</resp>
